Skuteczne strategie rozwoju firmy

Saved in:
Bibliographic Details
Format: Book
Language:Polish
Published: Warszawa Centrum informacji menedzera 2000
Series:Lektury menedzera
Subjects:
Tags: Add Tag
No Tags, Be the first to tag this record!

MARC

LEADER 00000nam a2200000 4500
001 c121955
005 20221221084750.0
020 |a 83-86210-53-2 
041 0 |a pol 
044 |a PL 
245 1 0 |a Skuteczne strategie  |b rozwoju firmy 
264 1 |a Warszawa  |b Centrum informacji menedzera  |c 2000 
300 |a 178 s. 
490 1 |a Lektury menedzera 
830 0 |a Lektury menedzera 
610 2 0 |a podnik 
610 2 0 |a podnikanie 
610 2 0 |a stratégia podniková 
610 2 0 |a rozvoj podniku 
610 2 0 |a operácie obchodné 
610 2 0 |a marketing 
610 2 0 |a politika finančná 
610 2 0 |a integrácia 
610 2 0 |a diverzifikácia 
610 2 0 |a firmy 
610 2 0 |a konkurencia 
610 2 0 |a produkcia 
610 2 0 |a kapitál 
610 2 0 |a majetok 
610 2 0 |a financovanie 
610 2 0 |a stratégia marketingová 
610 2 0 |a politika podnikania